000 00781 a2200253 4500
003 OSt
005 20180116192333.0
008 120210t xxu||||| |||| 00| 0 eng d
010 _a 76054801
020 _a0316099406
020 _a0316099392 (pbk.)
040 _c0
082 0 0 _a724.9
100 1 _aBlake, Peter,
245 1 0 _aForm follows fiasco :
_bwhy modern architecture hasn't worked /
_cby Peter Blake.
250 _a1st ed.
260 _aBoston :
_bLittle, Brown,
_cc1977.
300 _a169 p. :
_bill. ;
_c28 cm.
500 _a"An Atlantic Monthly Press book."
650 0 _aFunctionalism (Architecture)
650 0 _aArchitecture, Modern
_y20th century.
942 _aSADA
_cBK
_k724.9 BLA 1977
_2ddc
999 _c352387
_d352387